[Event "Cattolica op"]
[Site "Cattolica"]
[Date "1989.??.??"]
[Round "?"]
[White "Raicevic, Vladimir"]
[Black "Wojtkiewicz, Aleksander"]
[Result "1/2-1/2"]
[WhiteElo "2480"]
[BlackElo "2460"]

1.d4 Nf6 2.c4 c5 3.d5 d6 4.Nc3 g6 5.e4 Bg7 6.Nge2 O-O 7.Ng3 e6 8.Be2 exd5
9.cxd5 b6 10.a4 Ba6 11.Bb5 Bxb5 12.axb5 Ne8 13.O-O Nc7 14.Bf4 Bxc3 15.bxc3 Nxb5
16.Qd3 Nc7 17.c4 f6 18.Bh6 Rf7 19.f4 Nd7 20.h4 Ne8 21.h5 Ng7 22.Rae1 Qe7
23.Qf3 Re8 24.Qe2 Kh8 25.Qg4 Nxh5 26.Nf5 gxf5 27.Qxh5 fxe4 28.Rxe4 Qxe4 29.Qxf7 Rg8
30.Rf2 Qe1+ 31.Rf1 Qe4 32.Rf2 Qe1+ 33.Rf1 Qe4 34.Rf2  1/2-1/2

[Event "Cattolica op"]
[Site "Cattolica"]
[Date "1989.??.??"]
[Round "?"]
[White "Lentze, Ingo"]
[Black "Wojtkiewicz, Aleksander"]
[Result "1/2-1/2"]
[WhiteElo "2270"]
[BlackElo "2460"]

1.e4 c5 2.Nf3 d6 3.d4 cxd4 4.Nxd4 Nf6 5.Nc3 a6 6.Be2 e6 7.O-O Be7 8.f4 O-O
9.Be3 Qc7 10.a4 Nc6 11.Kh1 Re8 12.Rf2 Rb8 13.Qf1 e5 14.Nb3 Nb4 15.Qd1 Be6
16.Bf3 Rbc8 17.a5 Qc6 18.Rd2 Bf8 19.f5 Bc4 20.Bg5 b5 21.axb6 Qxb6 22.Na5 d5
23.exd5 e4 24.Nxc4 Rxc4 25.Be2 Rc7  1/2-1/2

[Event "US op"]
[Site "Chicago"]
[Date "1989.??.??"]
[Round "7"]
[White "Wojtkiewicz, Aleksander"]
[Black "Wilder, Michael"]
[Result "1/2-1/2"]
[WhiteElo "2460"]
[BlackElo "2540"]

1.Nf3 c5 2.c4 Nc6 3.g3 g6 4.Bg2 Bg7 5.Nc3 e5 6.O-O Nge7 7.Ne1 O-O 8.Nc2 d6
9.a3 Be6 10.Ne3 Qd7 11.Rb1 Bh3 12.d3 Bxg2 13.Kxg2 Rab8 14.b4 cxb4 15.axb4 b5  1/2-1/2

[Event "EU-chT"]
[Site "Haifa"]
[Date "1989.??.??"]
[Round "1"]
[White "Wojtkiewicz, Aleksander"]
[Black "Jones, Iolo C"]
[Result "1-0"]
[WhiteElo "2475"]
[BlackElo "2245"]

1.Nf3 Nf6 2.c4 d6 3.d4 Nbd7 4.Nc3 e5 5.e4 Be7 6.Be2 O-O 7.O-O c6 8.Re1 a6
9.Bf1 Rb8 10.a3 Qc7 11.Bg5 Re8 12.b4 Nf8 13.h3 Ng6 14.Rc1 h6 15.Be3 Nh7 16.d5 Ng5
17.c5 Nxf3+ 18.Qxf3 Bg5 19.Red1 Bxe3 20.Qxe3 dxc5 21.d6 Qd8 22.bxc5 Be6 23.Na4 Qa5
24.Nb6 Nf8 25.Rb1 Nd7 26.Nxd7 Bxd7 27.Rb6 Qa4 28.Rdb1 f5 29.Rxb7 f4 30.Qb3+ Qxb3
31.R1xb3 Rxb7 32.Rxb7 Kf8 33.Rxd7  1-0

[Event "EU-chT"]
[Site "Haifa"]
[Date "1989.??.??"]
[Round "2"]
[White "Donchev, Dimitar I"]
[Black "Wojtkiewicz, Aleksander"]
[Result "1/2-1/2"]
[WhiteElo "2520"]
[BlackElo "2475"]

1.e4 c5 2.Nf3 d6 3.d4 cxd4 4.Nxd4 Nf6 5.Nc3 a6 6.a4 e6 7.Be2 Be7 8.O-O O-O
9.f4 Qc7 10.Kh1 b6 11.Bf3 Bb7 12.e5 dxe5 13.fxe5 Nfd7 14.Bf4 Nc6 15.Nxc6 Bxc6
16.Qe1 Rad8 17.Qg3 Bxf3 18.Rxf3 Kh8 19.Qh3 Qc6 20.Qh5 g6 21.Qh6 f5 22.exf6 Bxf6
23.Raf1 Kg8 24.Bg5 Bg7 25.Qh4 Rxf3 26.Rxf3 Rc8 27.Bh6 Ne5 28.Rf4 Bxh6 29.Qxh6 Qd6
30.h3 Qe7 31.Rf2 Nc4 32.Ne4 Rf8 33.Rxf8+ Qxf8 34.Qxf8+ Kxf8 35.b3 Ne3 36.c4 Ke7
37.Kg1 Nc2 38.Kf2 e5 39.g4 h6 40.c5 bxc5 41.Nxc5 Nb4 42.Ke3 Kd6 43.Nd3 Nd5+
44.Ke4 Nc3+ 45.Ke3 Nd5+ 46.Ke4 Nc3+ 47.Ke3  1/2-1/2

[Event "EU-chT"]
[Site "Haifa"]
[Date "1989.??.??"]
[Round "3"]
[White "Wojtkiewicz, Aleksander"]
[Black "Adams, Michael"]
[Result "1-0"]
[WhiteElo "2475"]
[BlackElo "2505"]

1.Nf3 Nf6 2.c4 b6 3.g3 Bb7 4.Bg2 c5 5.O-O e6 6.Nc3 Be7 7.b3 O-O 8.Bb2 d5
9.Ne5 Nbd7 10.d4 cxd4 11.Qxd4 Bc5 12.Qf4 Bd6 13.Nxf7 Bxf4 14.Nxd8 Raxd8 15.gxf4 Nc5
16.b4 d4 17.bxc5 Bxg2 18.Kxg2 dxc3 19.Bxc3 Ne4 20.Be5 Nxc5 21.Rfd1 Rd7 22.Rd6 Rxd6
23.Bxd6 Rc8 24.Rd1 Kf7 25.Be5 g6 26.Kf3 Ke7 27.Kg4 h6 28.Bg7 Ne4 29.Kf3 Rxc4
30.Bxh6 b5 31.h4 b4 32.Bg5+ Nxg5+ 33.hxg5 Rc2 34.Ra1 a5 35.Ke3 Kd6 36.Rd1+ Kc7
37.Rd2 Rc4 38.Rd3 Rc2 39.a3 Kc6 40.axb4 axb4 41.Rd8 Kb5 42.Kd3 b3 43.Rb8+ Ka4
44.Rb6 Rc8 45.e4 Rf8 46.Kc4 Ra8 47.Rb4+  1-0

[Event "EU-chT"]
[Site "Haifa"]
[Date "1989.??.??"]
[Round "5"]
[White "Mokry, Karel"]
[Black "Wojtkiewicz, Aleksander"]
[Result "0-1"]
[WhiteElo "2500"]
[BlackElo "2475"]

1.e4 c5 2.Nf3 d6 3.d4 cxd4 4.Nxd4 Nf6 5.Nc3 a6 6.Be2 e6 7.O-O Be7 8.f4 O-O
9.a4 Qc7 10.Kh1 Nc6 11.Be3 Re8 12.Bf3 Bd7 13.Nb3 b6 14.g4 Bc8 15.g5 Nd7 16.Bg2 Bb7
17.Qf3 Bf8 18.Qh3 g6 19.Qg4 Bg7 20.Qh4 Nf8 21.f5 gxf5 22.exf5 Ne7 23.f6 Bxg2+
24.Kxg2 Nf5 25.Qf2 Qc6+ 26.Kg1 Bh8 27.Nd4 Nxd4 28.Bxd4 e5 29.Bxb6 d5 30.a5 d4
31.Na4 Ng6 32.Nc5 e4 33.Qxd4 Re5 34.Ra3 Rae8 35.Qe3 Nh4 36.Kh1 Nf5 37.Rxf5 Rxf5
38.Kg2 Rd5 39.h3 Rf5 40.Ra2 Rf3 41.Qe2 Rxh3  0-1

[Event "EU-chT"]
[Site "Haifa"]
[Date "1989.??.??"]
[Round "6"]
[White "Schussler, Harry"]
[Black "Wojtkiewicz, Aleksander"]
[Result "1/2-1/2"]
[WhiteElo "2540"]
[BlackElo "2475"]

1.d4 Nf6 2.Nf3 e6 3.c4 c5 4.d5 exd5 5.cxd5 g6 6.Nc3 d6 7.e4 Bg7 8.Bd3 O-O
9.h3 a6 10.a4 Nbd7 11.O-O Nh5 12.Bg5 Bf6 13.Be3 Re8 14.Qd2 Bg7 15.g4 Nhf6
16.Bf4 c4 17.Bc2 Nc5 18.Rfe1 h5 19.g5 Nh7 20.Kh2 Qd7 21.Ng1 Rb8 22.a5 Qe7
23.Nf3 Qd7 24.Ng1 Qe7 25.Nf3 Qd7  1/2-1/2

[Event "EU-chT"]
[Site "Haifa"]
[Date "1989.??.??"]
[Round "7"]
[White "Wojtkiewicz, Aleksander"]
[Black "Brestian, Egon"]
[Result "1/2-1/2"]
[WhiteElo "2475"]
[BlackElo "2465"]

1.Nf3 c5 2.g3 g6 3.Bg2 Bg7 4.c4 Nc6 5.Nc3 e5 6.O-O Nge7 7.Ne1 a6 8.a3 Rb8
9.Nd3 d6 10.b4 cxb4 11.Nxb4 O-O 12.Rb1 Nxb4 13.Rxb4 Be6 14.Rxb7  1/2-1/2

[Event "EU-chT"]
[Site "Haifa"]
[Date "1989.??.??"]
[Round "8"]
[White "Brunner, Lucas"]
[Black "Wojtkiewicz, Aleksander"]
[Result "1/2-1/2"]
[WhiteElo "2505"]
[BlackElo "2475"]

1.Nf3 c5 2.c4 Nf6 3.Nc3 e6 4.g3 b6 5.Bg2 Bb7 6.O-O a6 7.b3 d6 8.Bb2 Be7 9.d4 cxd4
10.Nxd4 Bxg2 11.Kxg2 Qc7 12.e3 Nc6 13.Rc1 Qb7 14.Qf3 Rc8 15.Ncb5 Qd7 16.Nxc6 Rxc6
17.Nd4 Rc8 18.b4 O-O 19.b5 axb5 20.cxb5 Ra8 21.a3 d5 22.Nc6 Ne4 23.Nxe7+ Qxe7
24.Rc6 Nd2 25.Qg4 e5 26.Rd1 Nc4 27.Bc1 f5 28.Qh5 g6 29.Qf3 e4 30.Qe2 Qf7
31.Bb2 Rfc8 32.Rxc8+ Rxc8 33.Ba1 Ra8 34.Rd4 Rxa3 35.Qd1 Ra2 36.Rxc4 dxc4
37.Qd8+ Qf8 38.Qd5+  1/2-1/2

[Event "New York Manhattan"]
[Site "New York"]
[Date "1989.??.??"]
[Round "?"]
[White "Wojtkiewicz, Aleksander"]
[Black "Young, Ronald"]
[Result "1-0"]
[WhiteElo "2460"]
[BlackElo "2285"]

1.Nf3 d6 2.d4 Nf6 3.g3 Bf5 4.c4 c6 5.Nc3 g6 6.Bg2 Bg7 7.Nh4 Be6 8.d5 Bd7
9.O-O O-O 10.e4 Na6 11.Nf3 Nc5 12.Re1 cxd5 13.exd5 Bf5 14.Be3 Rc8 15.Nd4 Bg4
16.f3 Bd7 17.b4 e5 18.Ndb5 Bxb5 19.Nxb5 Na6 20.Qb3 e4 21.Nxa7 exf3 22.Bxf3 Rc7
23.Nb5 Re7 24.Bd4 Rfe8 25.Qc3 Nh5 26.Bxh5 Bxd4+ 27.Nxd4 Rxe1+ 28.Rxe1 Rxe1+
29.Qxe1 gxh5 30.Nf5 Qd7 31.Qe4 Nxb4 32.Qf4 f6 33.Nxd6 Nd3 34.Qxf6 Qc7 35.Qe6+ Kh8
36.Qe8+ Kg7 37.Nf5+ Kf6 38.Qe6+ Kg5 39.h4+ Kg4 40.Qe4+ Kh3 41.Qg2+  1-0

[Event "New York Manhattan"]
[Site "New York"]
[Date "1989.??.??"]
[Round "?"]
[White "Wojtkiewicz, Aleksander"]
[Black "Brooks, Michael A"]
[Result "1-0"]
[WhiteElo "2460"]
[BlackElo "2385"]

1.Nf3 Nf6 2.c4 g6 3.g3 Bg7 4.Bg2 d6 5.d4 c6 6.O-O O-O 7.Nc3 Nbd7 8.e4 e5
9.h3 Qb6 10.Re1 exd4 11.Nxd4 Re8 12.Re2 Qc5 13.b3 Qh5 14.Be3 Ne5 15.f4 Bxh3
16.fxe5 Ng4 17.Qd2 Bxg2 18.Rxg2 Qxe5 19.Rd1 Nxe3 20.Qxe3 d5 21.cxd5 cxd5
22.Rgd2 Rac8 23.Nde2 dxe4 24.Rd5 Qe6 25.Nb5 Rc2 26.Nd6 Rf8 27.Nf4 Qg4 28.Nxe4 Rxa2
29.Rd8 Qf5 30.R1d5 Rxd8 31.Rxd8+ Bf8 32.Qd4 Qa5 33.Nf6+ Kg7 34.Ng4+  1-0

[Event "New York Manhattan"]
[Site "New York"]
[Date "1989.??.??"]
[Round "?"]
[White "Wojtkiewicz, Aleksander"]
[Black "Bonin, Jay R"]
[Result "0-1"]
[WhiteElo "2460"]
[BlackElo "2400"]

1.Nf3 Nf6 2.c4 g6 3.g3 Bg7 4.Bg2 O-O 5.d4 d5 6.cxd5 Nxd5 7.e4 Nb6 8.O-O Nc6
9.d5 Na5 10.Qe1 Nac4 11.Nc3 c6 12.b3 cxd5 13.bxc4 dxe4 14.Ng5 f5 15.c5 Na4
16.Bd2 Nxc5 17.Be3 Nd3 18.Qd2 h6 19.Nh3 g5 20.Rad1 Be6 21.f4 exf3 22.Bxf3 Ne5
23.Bd5 Bxd5 24.Qxd5+ Qxd5 25.Nxd5 Nc6 26.Nc7 Rad8 27.Rxd8 Rxd8 28.Rxf5 Rd3
29.Bf2 e5 30.Bc5 b6 31.Nf2 Rd7 32.Ne6 bxc5 33.Nxc5 Rd2 34.Nfe4 Rxa2 35.Nf6+ Bxf6
36.Rxf6 Nd4 37.h4 Kg7 38.hxg5 hxg5 39.Rd6 a5 40.Ra6 g4 41.Kf1 Kf7 42.Nb7 a4
43.Nd6+ Ke7 44.Nc4 e4 45.Nb6 a3 46.Nd5+ Kf7 47.Nc3 Rc2 48.Rxa3 e3 49.Ra4 Rf2+
50.Ke1 Nf3+ 51.Kd1 Rd2+ 52.Kc1 Nd4 53.Rb4 Ke6 54.Ne4 Rc2+ 55.Kb1 Ke5 56.Nf6 Kxf6
57.Rxd4 Rg2 58.Re4 Rxg3 59.Kc2 Kf5 60.Re8 Kf4 61.Kd3 Rf3 62.Rg8 Kg3 63.Ke2 Rf7
64.Re8 Kg2 65.Rxe3 g3 66.Re8 Kg1 67.Ra8 g2 68.Rh8 Re7+ 69.Kd2 Re5 70.Rh7 Kf2
71.Rf7+ Kg3 72.Rg7+ Kf3 73.Kd3 Rd5+ 74.Kc4 Rd1  0-1

[Event "New York Manhattan"]
[Site "New York"]
[Date "1989.??.??"]
[Round "?"]
[White "Wojtkiewicz, Aleksander"]
[Black "Ashley, Maurice"]
[Result "1/2-1/2"]
[WhiteElo "2460"]
[BlackElo "2415"]

1.Nf3 Nf6 2.c4 e6 3.g3 c5 4.Bg2 Nc6 5.O-O Be7 6.d4 d5 7.dxc5 Bxc5 8.a3 a5
9.cxd5 exd5 10.Bg5 O-O 11.Nc3 Be6 12.Rc1 Ba7 13.Nb5 Bb6 14.Nbd4 Nxd4 15.Nxd4 h6
16.Be3 Re8 17.h3 Qd7 18.Kh2 Ne4 19.Qd3 Rad8 20.Rfd1 h5 21.Qb3 Bxd4 22.Bxd4 h4
23.g4 Rc8 24.Qb6 Rxc1 25.Rxc1 Qa4 26.Be3 Nxf2 27.Qd4 Qxd4 28.Bxd4 Ne4 29.Bxe4 dxe4
30.Rc5 a4 31.Re5 Bd7 32.Rg5 g6 33.Re5 Rxe5 34.Bxe5 f5 35.gxf5 Bxf5  1/2-1/2

[Event "New York Manhattan"]
[Site "New York"]
[Date "1989.??.??"]
[Round "?"]
[White "Stone, Raymond"]
[Black "Wojtkiewicz, Aleksander"]
[Result "0-1"]
[WhiteElo "2345"]
[BlackElo "2460"]

1.d4 Nf6 2.c4 c5 3.d5 b5 4.a4 bxc4 5.Nc3 d6 6.e4 g6 7.Nf3 Bg7 8.Nd2 O-O 9.Nxc4 Nbd7
10.Be2 Ba6 11.O-O Nb6 12.Na3 Bxe2 13.Qxe2 Qd7 14.a5 Na4 15.Nd1 Rab8 16.Nc4 Rb4
17.Bd2 Rb3 18.Be1 Qb5 19.Qc2 Nc3 20.bxc3 Qxc4 21.Ne3 Qb5 22.c4 Qb8 23.Ra2 Nd7
24.Bd2 e6 25.h3 Re8 26.Rd1 Bd4 27.Bc1 Nf6 28.Rd3 Rb4 29.Rd1 Rb1 30.Bd2 Rb3
31.Kh1 exd5 32.exd5 Ne4  0-1

[Event "New York Manhattan"]
[Site "New York"]
[Date "1989.??.??"]
[Round "?"]
[White "Shapiro, Daniel E"]
[Black "Wojtkiewicz, Aleksander"]
[Result "0-1"]
[WhiteElo "2350"]
[BlackElo "2460"]

1.d4 Nf6 2.Nf3 e6 3.c4 c5 4.d5 d6 5.Nc3 exd5 6.cxd5 g6 7.e4 Bg7 8.h3 O-O
9.Bd3 a6 10.a4 Nh5 11.O-O Nd7 12.Bg5 Bf6 13.Be3 Re8 14.g4 Ng7 15.Kg2 h5 16.g5 Be7
17.Qd2 Rb8 18.Nh4 Ne5 19.Be2 Qd7 20.Rh1 b5 21.axb5 axb5 22.b3 b4 23.Na4 Qd8
24.f4 Nd7 25.f5 gxf5 26.Bd3 Ne5 27.Bc2 Ng6 28.Nxf5 Nxf5 29.exf5 Bxf5 30.Bxf5 Nh4+
31.Kf2 Nxf5 32.Rag1 Bf8 33.Bf4 Bg7 34.Qd3 Bd4+ 35.Kf3 Nh4+ 36.Kg3 Bxg1 37.Kxh4 Bf2+
38.Kxh5 Kg7 39.Kg4 Qd7+ 40.Kf3 Bd4 41.h4 Qb7 42.Qc4 Be5 43.Bc1 Qd7 44.Qc2 c4
45.h5 cxb3 46.Qe4 Bc3 47.Qf4 Re5 48.h6+ Kh7  0-1

[Event "New York Manhattan"]
[Site "New York"]
[Date "1989.??.??"]
[Round "?"]
[White "Edelman, Daniel"]
[Black "Wojtkiewicz, Aleksander"]
[Result "1/2-1/2"]
[WhiteElo "2350"]
[BlackElo "2460"]

1.e4 c5 2.Nf3 d6 3.d4 cxd4 4.Nxd4 Nf6 5.Nc3 a6 6.Be3 e6 7.Qd2 Be7 8.f3 Nc6
9.g4 O-O 10.O-O-O Nxd4 11.Bxd4 b5 12.Kb1 b4 13.Ne2 a5 14.Bxf6 Bxf6 15.Qxd6 Ba6
16.Nc1 Qc8 17.Bxa6 Rxa6 18.Qd7 Qb8 19.Qa4 Qf4 20.Rdf1 Rc8 21.Nd3 Qc7 22.Rf2 Rc6
23.Rc1 Rc4 24.Qb5 Rb8 25.Qh5 Bd4 26.Re2 a4 27.Qg5 a3 28.b3 h6 29.Qf4 e5 30.Qd2 Bc3
31.Qe3 Bd4 32.Qd2 Rc3 33.h4 Qe7 34.g5 h5 35.f4 Rd8 36.Rf1 Rdc8 37.Qd1 exf4
38.Rxf4 R3c6 39.e5 Rd8 40.Ree4 Bxe5 41.Rf1 Re6 42.Qxh5 Bc3 43.Rxe6 Qxe6 44.Qf3 g6
45.Nc5 Qd5 46.Qxd5 Rxd5 47.Nd3 Rd6 48.Kc1 Re6 49.Kd1 Re3 50.Rf2 Rh3 51.Rf4 Re3
52.Rf2 Kf8 53.Rg2 Re4 54.Rh2 Kg7 55.Rh1 Rg4 56.Nf2 Rd4+ 57.Nd3 Rg4 58.Nf2 Rg2
59.Nd3 Rd2+ 60.Kc1 Rg2 61.Kd1 Kf8 62.Nf4 Rd2+ 63.Kc1 Rd4 64.Ne2 Bd2+ 65.Kb1 Re4
66.Nc1 Be1 67.h5 gxh5 68.Rxh5 Bc3 69.Rh1 Rg4 70.Ne2 Be5 71.Rg1 Re4 72.Rg2 Bb2
73.c3 bxc3 74.Kc2 Re3 75.Rf2 Kg7 76.b4 Re4 77.Nxc3 Rxb4 78.Kd3 Rh4 79.Ne4 Kg6
80.Rg2 Rh3+ 81.Rg3 Rh2 82.Rf3 Be5 83.Rf2 Rh3+ 84.Kc4 Re3 85.Kd5 Bg7 86.Nd6 Rd3+
87.Kc6 Rc3+ 88.Kd5 Rd3+ 89.Kc6 Rd1 90.Nxf7 Bd4 91.Rf4 Rd2 92.Kb5 Bg7 93.Ka4 Rxa2
94.Kb3 Ra1 95.Rf2 Bd4 96.Rd2 Be3 97.Re2 Bd4 98.Ne5+ Kxg5 99.Nc4 Kf4 100.Ra2 Rb1+
101.Kc2 Rh1 102.Nxa3  1/2-1/2

[Event "New York op"]
[Site "New York"]
[Date "1989.??.??"]
[Round "1"]
[White "Torre, Eugenio"]
[Black "Wojtkiewicz, Aleksander"]
[Result "1-0"]
[WhiteElo "2565"]
[BlackElo "2460"]

1.e4 c5 2.Nf3 d6 3.c3 Nf6 4.Be2 Bg4 5.O-O e6 6.Re1 Be7 7.d4 O-O 8.Ng5 Bxe2
9.Rxe2 d5 10.e5 Nfd7 11.Nf3 Nc6 12.Nbd2 cxd4 13.cxd4 Qb6 14.Nf1 Rae8 15.Ng3 f6
16.exf6 Bxf6 17.Be3 Qc7 18.Rc1 Qd6 19.Qd2 Bd8 20.a3 Bb6 21.Rd1 Re7 22.Qd3 g6
23.Ree1 Ref7 24.Qe2 Re8 25.Ng5 Rf6 26.Qg4 Qf8 27.Nf3 Qg7 28.Qh4 Rf7 29.Qh3 Rxf3
30.gxf3 Bxd4 31.Bxd4 Nxd4 32.Qg4 e5 33.Rxd4 Nf6 34.Nh5 Nxh5 35.Rxd5 Nf6 36.Qa4 Rf8
37.Rdxe5 Nh5 38.Qc4+ Kh8 39.Re8 Nf6 40.Rxf8+ Qxf8 41.Qc7  1-0

[Event "New York op"]
[Site "New York"]
[Date "1989.??.??"]
[Round "2"]
[White "Wojtkiewicz, Aleksander"]
[Black "Burger, Karl"]
[Result "1-0"]
[WhiteElo "2460"]
[BlackElo "2315"]

1.Nf3 Nf6 2.c4 g6 3.g3 Bg7 4.Bg2 O-O 5.O-O d6 6.d4 Nbd7 7.Nc3 e5 8.e4 c6
9.h3 Re8 10.Be3 exd4 11.Nxd4 Nc5 12.Qc2 a5 13.Rad1 Nfd7 14.b3 Qe7 15.Rfe1 Ne5
16.f4 Ned7 17.Bf2 Qf8 18.Nde2 Bf6 19.Qd2 Be7 20.g4 f6 21.Ng3 Qf7 22.Bf1 b6
23.Be3 Bb7 24.Bg2 Rad8 25.Qf2 Rb8 26.Bf3 Kh8 27.Kg2 Ba8 28.h4 Bb7 29.h5 Kg7
30.Rh1 Rh8 31.Qb2 Rbg8 32.a3 Ra8 33.Qc2 a4 34.b4 Nb3 35.Be2 Rhc8 36.Nxa4 Rxa4
37.Qxb3 Rca8 38.Bc1 b5 39.Qc3 c5 40.hxg6 hxg6 41.cxb5 Rc8 42.Qe3 cxb4 43.axb4 Rxb4
44.Ba3 Rb3 45.Rd3 Rxb5 46.Bxd6 Rb2 47.Rhd1 Nc5 48.Bxc5 Rxc5 49.R1d2 Rcc2
50.Rxc2 Rxc2 51.Rd7 Bc6 52.Ra7 Ra2 53.Rc7 Bb5 54.e5 Bxe2 55.exf6+ Kg8 56.Nxe2 Qd5+
57.Kf2 Bf8 58.Rc8 Ra6 59.Rxf8+  1-0

[Event "New York op"]
[Site "New York"]
[Date "1989.??.??"]
[Round "3"]
[White "Arnason, Jon L"]
[Black "Wojtkiewicz, Aleksander"]
[Result "0-1"]
[WhiteElo "2550"]
[BlackElo "2460"]

1.e4 c5 2.Nf3 d6 3.d4 cxd4 4.Nxd4 Nf6 5.Nc3 a6 6.f4 Qc7 7.Nf3 e6 8.Bd3 Nbd7
9.Qe2 Nc5 10.O-O Be7 11.Kh1 b5 12.e5 dxe5 13.fxe5 Nfd7 14.Bf4 Bb7 15.Rae1 b4
16.Nd1 O-O 17.Ne3 Nb6 18.Ng4 Nxd3 19.cxd3 Rac8 20.Qf2 Qd8 21.Rc1 Rxc1 22.Rxc1 Qxd3
23.Bg5 Bxg5 24.Nxg5 Qg6 25.h4 Nd5 26.Nh2 h6 27.Nh3 Qd3 28.Nf3 Qe4 29.Qd4 Qe2
30.Nhg1 Qe3 31.Qxe3 Nxe3 32.Rc7 Bd5 33.b3 Rd8 34.Kh2 Be4 35.Kh3 Rd1 36.Ra7 Bd3
37.Ra8+ Kh7 38.Rb8 Ra1 39.Rxb4 Rxa2 40.Rd4 Bf5+ 41.g4 Nxg4 42.Kg3 Nf2 43.Rd7 Kg6
44.Nd4 Ne4+ 45.Kf3 Rh2 46.Nxf5 exf5 47.Ra7 Rxh4 48.Rxa6+ Kh5 49.Ke3 Nc5 50.Ra7 Re4+
51.Kf3 Nxb3 52.Rxf7 Nd4+ 53.Kf2 g5 54.Rd7 g4 55.Rd5 Kg5  0-1

[Event "New York op"]
[Site "New York"]
[Date "1989.??.??"]
[Round "4"]
[White "Wojtkiewicz, Aleksander"]
[Black "Rohde, Michael A"]
[Result "0-1"]
[WhiteElo "2460"]
[BlackElo "2540"]

1.Nf3 Nf6 2.c4 e6 3.g3 a6 4.Bg2 b5 5.b3 Bb7 6.O-O Be7 7.Nc3 b4 8.Na4 O-O
9.Bb2 d6 10.d4 Be4 11.a3 Nc6 12.axb4 Nxb4 13.Qd2 Rb8 14.Rfc1 Ba8 15.Nc3 Qc8
16.Qe3 Re8 17.Ne1 Bxg2 18.Kxg2 Nc6 19.Nd1 Qb7 20.Qf3 d5 21.Nd3 Ne4 22.cxd5 exd5
23.Ne3 Bg5 24.Nf4 Ne7 25.Ba3 c6 26.Bxe7 Bxe7 27.Nf5 Bf8 28.Qd3 g6 29.Ne3 Ra8
30.Rc2 a5 31.h4 Ra6 32.Ra4 Rb6 33.Rxa5 Bh6 34.Ng4 Bxf4 35.gxf4 Rxb3 36.Qa6 Qe7
37.Qxc6 Reb8 38.e3 Qxh4 39.Ne5 Rb1  0-1

[Event "New York op"]
[Site "New York"]
[Date "1989.??.??"]
[Round "5"]
[White "Dlugy, Maxim"]
[Black "Wojtkiewicz, Aleksander"]
[Result "1/2-1/2"]
[WhiteElo "2570"]
[BlackElo "2460"]

1.d4 Nf6 2.c4 c5 3.d5 d6 4.Nc3 g6 5.e4 Bg7 6.Nf3 O-O 7.Bf4 e6 8.dxe6 Bxe6
9.Bxd6 Re8 10.Bxc5 Qa5 11.b4 Qa6 12.Rc1 Nxe4 13.Nxe4 Bf5 14.Bd3 Bxe4 15.O-O Bxf3
16.Qxf3 Nd7 17.Be4 Nxc5 18.bxc5 Re7 19.Rb1 Qxc4 20.Bxb7 Rd8 21.Qa3 Rd2 22.c6 Bf6
23.Rbc1 Qf4 24.g3 Qc7 25.Rce1 a5 26.Rxe7 Bxe7 27.Qe3 Rxa2 28.Rd1 Bd6 29.Kh1 a4
30.Qe8+ Kg7 31.Qd7 Be5 32.Qxc7 Bxc7 33.Rd7 a3 34.Rxc7 Ra1+ 35.Kg2 a2 36.Rc8 Rg1+
37.Kxg1 a1=Q+ 38.Kg2 Qb1 39.Re8 Qb5 40.Kg1 Qb1+ 41.Kg2 Qb5  1/2-1/2

[Event "New York op"]
[Site "New York"]
[Date "1989.??.??"]
[Round "6"]
[White "Wojtkiewicz, Aleksander"]
[Black "Christiansen, Larry Mark"]
[Result "1/2-1/2"]
[WhiteElo "2460"]
[BlackElo "2530"]

1.Nf3 e6 2.g3 b5 3.Bg2 Bb7 4.O-O Nf6 5.b3 Be7 6.c4 b4 7.Bb2 O-O 8.d4 Na6
9.a3 bxa3 10.Nxa3 Nb4 11.Nc2 Nxc2 12.Qxc2 Be4 13.Qc3 Qb8 14.Ba3 Bxa3 15.Rxa3 Qb7
16.Rfa1 Rfb8 17.Ne1 Bxg2 18.Nxg2 h6 19.Nf4 a6 20.f3 d6 21.Nd3 Nd7 22.b4 e5
23.dxe5 Nxe5 24.Nxe5 dxe5 25.Ra4 e4 26.f4 Qc6 27.c5 Rd8 28.Ra5 h5 29.Qe3 h4
30.g4 Qb7 31.Qc3 c6 32.h3 Rd5 33.Qc4 Qd7 34.Rxa6 Rxa6 35.Qxa6 Rd4 36.b5 Rd1+
37.Rxd1 Qxd1+ 38.Kf2 Qd4+ 39.Kg2 Qc4 40.Kf1 Qc1+ 41.Kg2 Qc4 42.Kf1 cxb5 43.Qd6 Kh7
44.c6 Qc3 45.c7 Qxh3+ 46.Ke1 Qc3+ 47.Kd1 Qb3+ 48.Kc1 Qc3+ 49.Kd1 Qb3+ 50.Kc1 Qc4+
51.Kd2 b4 52.Qd8 Qc3+ 53.Kd1  1/2-1/2

[Event "New York op"]
[Site "New York"]
[Date "1989.??.??"]
[Round "7"]
[White "Miles, Anthony J"]
[Black "Wojtkiewicz, Aleksander"]
[Result "1-0"]
[WhiteElo "2520"]
[BlackElo "2460"]

1.Nf3 Nf6 2.c4 c5 3.Nc3 e6 4.g3 b6 5.Bg2 Bb7 6.O-O d6 7.d4 cxd4 8.Qxd4 a6
9.Rd1 Nbd7 10.Bg5 Be7 11.Bxf6 Nxf6 12.Na4 Rb8 13.c5 dxc5 14.Qe5 Bd5 15.e4 Nxe4
16.Qxg7 Bf6 17.Qh6 b5 18.Ne1 bxa4 19.Bxe4 Bd4 20.Bxd5 Qxd5 21.Nc2 Qf5 22.Nxd4 cxd4
23.Qg7 Ke7 24.Qxd4 Rhc8 25.Rac1 Rc2 26.Qd6+ Kf6 27.Rxc2 Qxc2 28.Qf4+ Kg6
29.Rd7 Rf8 30.h4 h6 31.Qg4+ Kf6 32.Rd4 Qxb2 33.Rxa4 Qb1+ 34.Kh2 Qb5 35.Rf4+ Ke7
36.Qg7 h5 37.Qf6+ Ke8 38.Rd4 Qb6 39.Rd2 Rg8 40.Rb2 Qc7 41.Qf3  1-0

[Event "Ostend op"]
[Site "Ostend"]
[Date "1989.??.??"]
[Round "6"]
[White "Ninov, Kiril"]
[Black "Wojtkiewicz, Aleksander"]
[Result "1-0"]
[WhiteElo "2460"]
[BlackElo "2475"]

1.Nf3 c5 2.g3 b6 3.Bg2 Bb7 4.c4 Nf6 5.O-O e6 6.Nc3 a6 7.b3 d6 8.Bb2 Be7 9.e3 Nbd7
10.d4 O-O 11.Qe2 Re8 12.Rfd1 Qc7 13.Rac1 Rac8 14.d5 exd5 15.Nxd5 Nxd5 16.cxd5 Qd8
17.b4 Bf6 18.bxc5 bxc5 19.Rb1 Rc7 20.Nd2 Bc8 21.Nc4 Bxb2 22.Rxb2 Ne5 23.Nxe5 Rxe5
24.Rb8 Re8 25.Rdb1 Qe7 26.Qc4 Bb7 27.Rxe8+ Qxe8 28.Rb6 Qe7 29.e4 g6 30.f4 Qd8
31.a4 Re7 32.a5 Rd7 33.Qb3 Qc7 34.Bf1 f6 35.e5 fxe5 36.fxe5 c4 37.Qxc4 Qxc4
38.Bxc4 Rc7 39.exd6 Rd7 40.Bxa6 Bxd5 41.Bb5 Rd8 42.a6 Kf7 43.a7  1-0

[Event "Ostend op"]
[Site "Ostend"]
[Date "1989.??.??"]
[Round "9"]
[White "Wojtkiewicz, Aleksander"]
[Black "Reeh, Oliver"]
[Result "1-0"]
[WhiteElo "2475"]
[BlackElo "2430"]

1.Nf3 Nf6 2.c4 g6 3.g3 Bg7 4.Bg2 O-O 5.d4 d6 6.Nc3 Nc6 7.O-O Bf5 8.d5 Na5
9.Nd2 c5 10.e4 Bd7 11.Qc2 a6 12.b3 b5 13.Bb2 Rb8 14.Nd1 e5 15.Ne3 Nh5 16.Bf3 Qg5
17.h4 Qh6 18.Ng4 Bxg4 19.Bxg4 f5 20.Bh3 g5 21.hxg5 Qxg5 22.Nf3 Qe7 23.Bxf5 bxc4
24.Qd2 Nb7 25.bxc4 Nd8 26.Bc3 Nf7 27.Kg2 Bh6 28.Qe2 Ng7 29.Bg4 Qf6 30.Rh1 Rb7
31.Rab1 Rfb8 32.Rxb7 Rxb7 33.Nh4 Bg5 34.Nf5 h5 35.Nxg7 hxg4 36.Nf5  1-0

[Event "World op"]
[Site "Philadelphia"]
[Date "1989.??.??"]
[Round "2"]
[White "Wojtkiewicz, Aleksander"]
[Black "Markzon, Gregory"]
[Result "1/2-1/2"]
[WhiteElo "2460"]
[BlackElo "2240"]

1.Nf3 Nf6 2.c4 g6 3.g3 Bg7 4.Bg2 O-O 5.d4 d6 6.O-O Nc6 7.Nc3 e5 8.d5 Ne7
9.c5 Ne8 10.cxd6 Nxd6 11.e4 c6 12.Re1 c5 13.a4 Bd7 14.Be3 b6 15.Nd2 Nec8
16.Rb1 a5 17.f4 f6 18.Rf1 Qe7 19.Qc2 Ra7 20.Rbe1 h6 21.h4 Rc7 22.Rf2 Re8
23.Kh2 f5 24.fxe5 Bxe5 25.Nf3 Bxc3 26.bxc3 fxe4 27.Bf4 Qg7 28.Nd2 Bf5 29.Be3 Rce7
30.Qb3 Kh7 31.Nc4 Nxc4 32.Qxc4 Nd6 33.Qb3 Rb7 34.Bf4 Nf7 35.g4 Bxg4 36.Rxe4 Rxe4
37.Bxe4 Bf5 38.Bxf5 gxf5 39.Qc2 Qg4 40.Bg3 Qe4 41.Qxe4 fxe4 42.Rf6 c4 43.d6 Rd7
44.Re6 Rd8 45.Kg2 Kg7 46.Kf2 Kf8 47.Ke3 Re8 48.Rf6 Kg7 49.Rf5 Rd8 50.Rd5 Kf6
51.Rb5 Rb8 52.Kxe4 Ke6 53.Kd4 Rg8 54.Bf4 Rg4 55.Ke3 Rxh4 56.Rxb6 Rh3+ 57.Ke4 Rh4  1/2-1/2

[Event "World op"]
[Site "Philadelphia"]
[Date "1989.??.??"]
[Round "4"]
[White "Wojtkiewicz, Aleksander"]
[Black "Rowley, Robert"]
[Result "0-1"]
[WhiteElo "2460"]
[BlackElo "2400"]

1.Nf3 Nf6 2.c4 c6 3.d4 d5 4.Nc3 g6 5.cxd5 cxd5 6.Bf4 Nc6 7.e3 Bg7 8.h3 O-O
9.Be2 b6 10.O-O Bb7 11.Rc1 Ne4 12.Qa4 a6 13.Rfd1 b5 14.Qc2 Nxc3 15.Qxc3 Qd7
16.Qd2 Rfc8 17.Ne1 Nd8 18.Nd3 Ne6 19.Bg3 Rxc1 20.Rxc1 Rc8 21.Ne5 Rxc1+ 22.Qxc1 Bxe5
23.Bxe5 f6 24.Bg3 Bc6 25.Qc3 Ng5 26.f3 Nf7 27.b3 Ng5 28.Bd3 Ne6 29.h4 Bb7
30.Kf1 Kf7 31.h5 Bc6 32.Qc2 Nf8 33.Kf2 Kg7 34.hxg6 hxg6 35.Ke2 a5 36.Kd2 Kf7
37.Qc3 a4 38.Qc5 axb3 39.axb3 Qb7 40.Kc3 Ne6 41.Qa3 Qb6 42.Qa1 b4+ 43.Kd2 Bb5
44.Bc2 Ba6 45.Qb1 Nf8 46.Ke1 Qb5 47.Kf2 Qe2+ 48.Kg1 Qxe3+ 49.Bf2 Qe2 50.Qd1 Qxd1+
51.Bxd1 Ne6 52.Be3 Nd8 53.f4 Nc6 54.Kf2 Bd3 55.Bd2 Be4 56.g4 Nxd4 57.Bxb4 Bc2
58.Bxc2 Nxc2 59.Bc5 e5 60.fxe5 fxe5 61.Ke2 d4 62.Kd3 Ne3 63.g5 Ke6 64.b4 Kd5
65.Ba7 e4+ 66.Ke2 Nc4 67.b5 d3+ 68.Kf2 d2  0-1

[Event "World op"]
[Site "Philadelphia"]
[Date "1989.??.??"]
[Round "8"]
[White "Ashley, Maurice"]
[Black "Wojtkiewicz, Aleksander"]
[Result "1/2-1/2"]
[WhiteElo "2415"]
[BlackElo "2460"]

1.c4 Nf6 2.Nc3 c5 3.Nf3 e6 4.d4 cxd4 5.Nxd4 Nc6 6.g3 Qb6 7.e3 Bc5 8.Bg2 Nxd4
9.exd4 Bxd4 10.O-O e5 11.Nb5 Bc5 12.b4 Bxb4 13.Rb1 Bc5 14.Qe1 d6 15.Bd2 a5
16.Bg5 O-O 17.Bxf6 gxf6 18.Nc3 Qc7 19.Qe2 Rb8 20.Qh5 Kg7 21.Be4 Rh8 22.Nd5 Qd7
23.Qh4 Qe6 24.Rb3 f5 25.Rf3 Qh6 26.Qe7 Be6 27.Bxf5 Bxd5 28.cxd5 Qf6 29.Qd7 Qd8
30.Qa4 h5 31.Qe4 Rh6 32.h4 Qe7 33.Kg2 b6  1/2-1/2